| 000 | 01069nam a2200301 4500 | ||
|---|---|---|---|
| 003 | MX-MxINE | ||
| 005 | 20260530115324.0 | ||
| 008 | 260520b2024 mx a|||| |||| 00| 0 eng d | ||
| 040 |
_aICI _bspa _cICI _erda |
||
| 041 | _aspa | ||
| 050 |
_aPN1993.5 _bE66 |
||
| 100 |
_aGarcía, Gustavo, _eeditor _934770 |
||
| 245 |
_aÉpoca de oro del cine mexicano / _cGustavo García |
||
| 264 |
_aCiudad de México : _bEditorial Cine Mexicano, _c2024 |
||
| 300 |
_a85 páginas: _bilustraciones |
||
| 336 |
_2rdacontent _atexto |
||
| 337 |
_2rdamedia _asin medio |
||
| 338 |
_2rdacarrier _avolumen |
||
| 500 | _aRevista especializada en la historia, actores, películas y directores de la época de oro del cine mexicano. | ||
| 650 |
_aCine mexicano _xHistoria _934771 |
||
| 650 |
_aPelículas mexicanas. _934772 |
||
| 650 |
_aActores mexicanos. _934773 |
||
| 650 |
_aDirectores de cine _zMéxico _934774 |
||
| 650 |
_aIndustria cinematográfica _934775 |
||
| 700 |
_aAviña, Rafael, _eeditor _934776 |
||
| 710 |
_aEditorial Cine Mexicano. _934777 |
||
| 942 |
_2lcc _n1 _cBK |
||
| 999 |
_c13899 _d13899 |
||